Statystyki dla bohaterowie kalucha

Kliknij tutaj aby rozwiązać quiz!

Ogólne statystyki

  • Ten quiz został rozwiązany 198 razy
  • Średni wynik to 7 z 15

Statystyki odpowiedzi

HintOdpowiedź% Poprawnych
szefsam
94%
szefderek
93%
.krystian
72%
panalberto
71%
.brunka
61%
.franklin
53%
.liam
51%
.mati
44%
.dwayne
37%
.raxon
36%
.rayan
21%
.borys
11%
.marcinek
10%
.młody
9%
.logan
8%

Rozkład punktacji

Percentyl według liczby udzielonych odpowiedzi

Procent ludzi z każdym wynikiem

Twoja historia wyników

Nie rozwiązałeś tego quizu